Estados y territorios de Australia - Estadísticas

Estadísticas generales
  • Esta prueba ha sido intentada 54 veces
  • La puntuación promedio es 6 de 11
Estadísticas de respuestas
Imagen Respuesta % Correcto
Isla Norfolk
73%
Isla de Navidad
66%
Tasmania
66%
Nueva Gales del Sur
61%
Australia Occidental
56%
Queensland
56%
Victoria
54%
Territorio del Norte
51%
Islas Cocos
49%
Australia Meridional
44%
Territorio de la capital Australiana
32%
No se encontraron pruebas coincidentes
Distribución de puntuación
Porcentaje de gente con cada puntuación
Porcentaje por número respondido
Historial de tus puntuaciones
No has intentado esta prueba.